LEADER 01150nam a2200277 i 4500 001 991000173029707536 005 20020506110155.0 008 990429s1985 us ||| | eng 020 $a047151988X 035 $ab10040705-39ule_inst 035 $aLE02614427$9ExL 040 $aDip.to Ingegneria dell'Innovazione$bita 082 0 $a658.562 100 1 $aMontgomery, Douglas C.$09293 245 10$aIntroduction to statistical quality control /$cDouglas C. Montgomery 250 $a2nd ed. 260 $aNew York [etc.] :$bJohn Wiley & Sons,$cc 1985 300 $axxi, 674, 26 p. di tav. ;$c26 cm 650 4$aControllo di qualità$xMetodi statistici 907 $a.b10040705$b02-04-14$c31-05-02 912 $a991000173029707536 945 $aLE026 658.562 D MON 01.01 C.1 1985$cC.1$g1$i2026000004884$lle026$o-$pE0.00$q-$rl$s- $t0$u5$v0$w5$x0$y.i10046689$z31-05-02 945 $aLE026 658.562 D MON 01.01 C.2 1985$cC.2$g0$i2026000011172$lle026$op$pE0.00$q-$rl$s- $t0$u8$v0$w8$x0$y.i10046690$z31-05-02 996 $aIntroduction to statistical quality control$914823 997 $aUNISALENTO 998 $ale026$b01-01-99$cm$da $e-$feng$gus $h0$i2 LEADER 02663nam 2200625Ia 450 001 9910960222503321 005 20200520144314.0 010 $a9781602583559 010 $a1602583552 035 $a(CKB)2550000000064317 035 $a(EBL)1036993 035 $a(SSID)ssj0000534415 035 $a(PQKBManifestationID)11333920 035 $a(PQKBTitleCode)TC0000534415 035 $a(PQKBWorkID)10511537 035 $a(PQKB)10702201 035 $a(OCoLC)769189748 035 $a(MdBmJHUP)muse583 035 $a(Au-PeEL)EBL1036993 035 $a(CaPaEBR)ebr10511518 035 $a(OCoLC)858761895 035 $a(MiAaPQ)EBC1036993 035 $a(Perlego)1587673 035 $a(EXLCZ)992550000000064317 100 $a20101227d2011 uy 0 101 0 $aeng 135 $aur|n|---||||| 181 $ctxt 182 $cc 183 $acr 200 14$aThe betrayal of charity $ethe sins that sabotage divine love /$fMatthew Levering 205 $a1st ed. 210 $aWaco, Tex. $cBaylor University Press$dc2011 215 $a1 online resource (231 p.) 300 $aDescription based upon print version of record. 311 08$a9781602583566 311 08$a1602583560 320 $aIncludes bibliographical references and indexes. 327 $aIs charity violent? -- Hatred and the God of Israel -- Sloth and the joy of resurrection -- Envy and God-reliance -- Discord, contention, and ecclesial peace -- Schism and liturgical mediation -- War and the interpretation of Scripture -- Scandal, scapegoats, and spiritual downfall. 330 $a Love was at one time a powerfully unifying force among Christians. In his letters, Paul consistently evokes charity as the avenue to both human and divine communion. If the magnitude of charity was of the upmost importance to early Christians, so were those sins that aimed to distract Christians from acting based on love. Taking seriously the efforts of Paul, and later Thomas Aquinas, to expose and root out the sins against charity, Matthew Levering reclaims the centrality of love for moral, and in fact all, theology.As Levering argues, the practice of charity leads to inner joy 606 $aCharity 606 $aSin$xChristianity 606 $aLove$xReligious aspects$xCatholic Church 615 0$aCharity. 615 0$aSin$xChristianity. 615 0$aLove$xReligious aspects$xCatholic Church. 676 $a241'.677--dc22 700 $aLevering$b Matthew$f1971-$0869556 801 0$bMiAaPQ 801 1$bMiAaPQ 801 2$bMiAaPQ 906 $aBOOK 912 $a9910960222503321 996 $aThe betrayal of charity$94355175 997 $aUNINA LEADER 11993oam 2200589zu 450 001 9910151657703321 005 20230803021720.0 010 $a0-273-79235-0 035 $a(CKB)2550000001120358 035 $a(SSID)ssj0001259785 035 $a(PQKBManifestationID)12476430 035 $a(PQKBTitleCode)TC0001259785 035 $a(PQKBWorkID)11296507 035 $a(PQKB)10861644 035 $a(MiAaPQ)EBC5137128 035 $a(Au-PeEL)EBL5137128 035 $a(CaONFJC)MIL523740 035 $a(OCoLC)1027144542 035 $a(Exl-AI)5137128 035 $a(EXLCZ)992550000001120358 100 $a20160829d2013 uy 101 0 $aeng 135 $aurcnu|||||||| 181 $ctxt 182 $cc 183 $acr 200 10$aMacroeconomics, Global Edition 205 $a8th ed. 210 31$a[Place of publication not identified]$cPearson Education Limited$d2013 215 $a1 online resource (680 pages) 300 $aBibliographic Level Mode of Issuance: Monograph 311 08$a0-273-79230-X 311 08$a1-299-92489-1 327 $aCover -- Detailed Contents -- Preface -- Part 1 Introduction -- Chapter 1 Introduction to Macroeconomics -- 1.1 What Macroeconomics Is About -- Long-Run Economic Growth -- Business Cycles -- Unemployment -- Inflation -- The International Economy -- Macroeconomic Policy -- Aggregation -- 1.2 What Macroeconomists Do -- Macroeconomic Forecasting -- Macroeconomic Analysis -- Macroeconomic Research -- In Touch with Data and Research: Developing and Testing an Economic Theory -- Data Development -- 1.3 Why Macroeconomists Disagree -- Classicals Versus Keynesians -- A Unified Approach to Macroeconomics -- Chapter 2 The Measurement and Structure of the National Economy -- 2.1 National Income Accounting: The Measurement of Production, Income, and Expenditure -- In Touch with Data and Research: The National Income and Product Accounts in Malaysia -- Why the Three Approaches Are Equivalent -- 2.2 Gross Domestic Product -- The Product Approach to Measuring GDP -- In Touch with Data and Research: Natural Resources, the Environment, and the National Income Accounts -- The Expenditure Approach to Measuring GDP -- The Income Approach to Measuring GDP -- 2.3 Saving and Wealth -- Measures of Aggregate Saving -- The Uses of Private Saving -- Relating Saving and Wealth -- 2.4 Real GDP, Price Indexes, and Inflation -- Real GDP -- Price Indexes -- In Touch with Data and Research: The Computer Revolution and Chain-Weighted GDP -- In Touch with Data and Research: CPI Inflation vs. Core Inflation -- APPLICATION T he Federal Reserve's Preferred Inflation Measures -- 2.5 Interest Rates -- Part 2 Long-Run Economic Performance -- Chapter 3 Productivity, Output, and Employment -- 3.1 How Much Does the Economy Produce? The Production Function -- Application The Production Function of the U.S. Economy and U.S. Productivity Growth -- The Shape of the Production Function. 327 $aThe Marginal Product of Capital -- The Marginal Product of Labor -- Supply Shocks -- 3.2 The Demand for Labor -- The Marginal Product of Labor and Labor Demand: An Example -- A Change in the Wage -- The Marginal Product of Labor and the Labor Demand Curve -- Factors That Shift the Labor Demand Curve -- Aggregate Labor Demand -- 3.3 The Supply of Labor -- The Income-Leisure Trade-Off -- Real Wages and Labor Supply -- The Labor Supply Curve -- Aggregate Labor Supply -- 3.4 Labor Market Equilibrium -- Full-Employment Output -- Application Output, Employment, and the Real Wage During Oil Price Shocks -- 3.5 Unemployment -- Measuring Unemployment -- In Touch with Data and Research: Labor Market Data in Kazakhstan -- Changes in Employment Status -- How Long Are People Unemployed? -- Application Unemployment Duration and the 2007-2009 Recession -- Why There Always Are Unemployed People -- 3.6 Relating Output and Unemployment: Okun's Law -- Appendix 3.A The Growth Rate Form of Okun's Law -- Chapter 4 Consumption, Saving, and Investment -- 4.1 Consumption and Saving -- The Consumption and Saving Decision of an Individual -- Effect of Changes in Current Income -- Effect of Changes in Expected Future Income -- Application The Idiosyncrasy of Singapore Aggregate Consumption -- Effect of Changes in Wealth -- Effect of Changes in the Real Interest Rate -- Fiscal Policy -- In Touch with Data and Research: Interest Rates -- Application How Consumers Respond to Tax Rebates -- 4.2 Investment -- The Desired Capital Stock -- Changes in the Desired Capital Stock -- Application Measuring the Effects of Taxes on Investment -- From the Desired Capital Stock to Investment -- Investment in Inventories and Housing -- In Touch with Data and Research: Investment and the Stock Market -- 4.3 Goods Market Equilibrium -- The Saving-Investment Diagram. 327 $aApplication Macroeconomic Consequences of the Boom and Bust in Stock Prices -- Appendix 4.A A Formal Model of Consumption and Saving -- Chapter 5 Saving and Investment in the Open Economy -- 5.1 Balance of Payments Accounting -- The Current Account -- In Touch with Data and Research: The Balance of Payments Accounts in Malaysia -- The Capital and Financial Account -- The Relationship Between the Current Account and the Capital and Financial Account -- Net Foreign Assets and the Balance of Payments Accounts -- Application The United States as International Debtor -- 5.2 Goods Market Equilibrium in an Open Economy -- 5.3 Saving and Investment in a Small Open Economy -- The Effects of Economic Shocks in a Small Open Economy -- 5.4 Saving and Investment in Large Open Economies -- Application The Impact of Globalization on High-Income Economies -- Application Recent Trends in the U.S. Current Account Deficit -- 5.5 Fiscal Policy and the Current Account -- The Critical Factor: The Response of National Saving -- The Government Budget Deficit and National Saving -- Application The Twin Deficits -- Chapter 6 Long-Run Economic Growth -- 6.1 The Sources of Economic Growth -- Growth Accounting -- Application The Post-1973 Slowdown in Productivity Growth -- Application The Recent Trends in UK Productivity -- 6.2 Long-Run Growth: The Solow Model -- Setup of the Solow Model -- The Fundamental Determinants of Long-Run Living Standards -- Application The Growth of China -- 6.3 Endogenous Growth Theory -- 6.4 Government Policies to Raise Long-Run Living Standards -- Policies to Affect the Saving Rate -- Policies to Raise the Rate of Productivity Growth -- Chapter 7 The Asset Market, Money, and Prices -- 7.1 What Is Money? -- In Touch with Data and Research: Money in a Prisoner-of-War Camp -- The Functions of Money. 327 $aIn Touch with Data and Research: The Monetary Aggregates -- In Touch with Data and Research: The Effect of Dollarization on the United States and Foreign Nations -- 7.2 Portfolio Allocation and the Demand for Assets -- Expected Return -- Risk -- Liquidity -- Time to Maturity -- Types of Assets and Their Characteristics -- In Touch with Data and Research: Capital Flows and Property Prices -- Asset Demands -- 7.3 The Demand for Money -- The Price Level -- Real Income -- Interest Rates -- The Money Demand Function -- Other Factors Affecting Money Demand -- Velocity and the Quantity Theory of Money -- 7.4 Asset Market Equilibrium -- Asset Market Equilibrium: An Aggregation Assumption -- The Asset Market Equilibrium Condition -- 7.5 Money Growth and Inflation -- Application Money Growth and Inflation in European Countries in Transition -- The Expected Inflation Rate and the Nominal Interest Rate -- Application Measuring Inflation Expectations -- Part 3 Business Cycles and Macroeconomic Policy -- Chapter 8 Business Cycles -- 8.1 What Is a Business Cycle? -- 8.2 The American Business Cycle: The Historical Record -- The Pre-World War I Period -- The Great Depression and World War II -- Post-World War II U.S. Business Cycles -- The "Long Boom" -- The Great Recession -- Have American Business Cycles Become Less Severe? -- 8.3 Business Cycle Facts -- The Cyclical Behavior of Economic Variables: Direction and Timing -- Production -- Expenditure -- Employment and Unemployment -- Application The Job Finding Rate and the Job Loss Rate -- Average Labor Productivity and the Real Wage -- Money Growth and Inflation -- Financial Variables -- International Aspects of the Business Cycle -- In Touch with Data and Research: Coincident and Leading Indexes -- 8.4 Business Cycle Analysis: A Preview -- In Touch with Data and Research: The Seasonal Cycle and the Business Cycle. 327 $aAggregate Demand and Aggregate Supply: A Brief Introduction -- Chapter 9 The IS-LM/AD-AS Model: A General Framework for Macroeconomic Analysis -- 9.1 The FE Line: Equilibrium in the Labor Market -- Factors That Shift the FE Line -- 9.2 The IS Curve: Equilibrium in the Goods Market -- Factors That Shift the IS Curve -- 9.3 The LM Curve: Asset Market Equilibrium -- The Interest Rate and the Price of a Nonmonetary Asset -- The Equality of Money Demanded and Money Supplied -- Factors That Shift the LM Curve -- 9.4 General Equilibrium in the Complete IS-LM Model -- Applying the IS-LM Framework: A Temporary Adverse Supply Shock -- Application Oil Price Shocks Revisited -- In Touch with Data and Research: Econometric Models and Macroeconomic Forecasts for Monetary Policy Analysis -- 9.5 Price Adjustment and the Attainment of General Equilibrium -- The Effects of a Monetary Expansion -- Classical Versus Keynesian Versions of the IS-LM Model -- 9.6 Aggregate Demand and Aggregate Supply -- The Aggregate Demand Curve -- The Aggregate Supply Curve -- Equilibrium in the AD-AS Model -- Monetary Neutrality in the AD-AS Model -- Appendix 9.A Worked-Out Numerical Exercise for Solving the IS-LM/AD-AS Model -- Appendix 9.B Algebraic Versions of the IS-LM and AD-AS Models -- Chapter 10 Classical Business Cycle Analysis: Market-Clearing Macroeconomics -- 10.1 Business Cycles in the Classical Model -- The Real Business Cycle Theory -- Application Calibrating the Business Cycle -- 10.2 Fiscal Policy Shocks in the Classical Model -- 10.3 Unemployment in the Classical Model -- Jobless Recoveries -- 10.4 Money in the Classical Model -- Monetary Policy and the Economy -- Monetary Nonneutrality and Reverse Causation -- The Nonneutrality of Money: Additional Evidence -- 10.5 The Misperceptions Theory and the Nonneutrality of Money -- Monetary Policy and the Misperceptions Theory. 327 $aRational Expectations and the Role of Monetary Policy. 330 $aAbel, Bernanke, and Croushore present macroeconomic theory in a way that prepares students to analyze real macroeconomic data used by policy makers and researchers. With a balanced treatment of both classical and Keynesian economics, the comprehensive coverage makes it easy for instructors to align chapters to fit their own syllabi. Students in this course often struggle to see how the macroeconomic models compare to one another, and fit into the big picture. This text uses a unified approach based on a single economics model that provides students with a clear understanding of macroeconomics and its classical and Keynesian assumptions.   The main objective of the eighth edition is to keep the book fresh and up-to-date, especially in light of the recent crises in the United States and Europe and many new tools used by the Federal Reserve in response to the crisis. To reflect recent events and developments in the field, revisions have been made throughout the text, and additional new applications, boxes, and problems are included.  . 606 $aMacroeconomics$7Generated by AI 606 $aEconomic policy$7Generated by AI 615 0$aMacroeconomics 615 0$aEconomic policy 700 $aAbel$b Andrew$0122290 702 $aCroushore$b Dean 702 $aBernanke$b Ben 801 0$bPQKB 906 $aBOOK 912 $a9910151657703321 996 $aMacroeconomics, Global Edition$93415921 997 $aUNINA